Les français en Eredivisie (2020-2026) - Statistiques

Statistiques générales
  • Ce quiz a été pris 12 fois
  • Le résultat moyen est 2 sur 30
Statistiques - réponses
Nb de saisons Clubs Joueur % Correct
5 PSV (2020-2025) Olivier Boscagli
83%
1 PSV (2025-2026) Alassane Pléa
33%
4 Utrecht (2021-2023), Excelsior (2022-2024, 2025-2026) Arthur Zagré
8%
3 NEC (2023-2026) Brayann Pereira
8%
2 Sittard (2024-2026) Edouard Michut
8%
1 PSV (2025-2026) Kiliann Sildillia
8%
2 Vitesse (2022-2024) Nicolas Isimat-Mirin
8%
3 Almere (2023-2024), Utrecht (2024-2026) Yoann Cathline
8%
1 Utrecht (2022-2023) Albert Lottin
0%
1 Vitesse (2023-2024) Amine Boutrah
0%
1 Emmen (2022-2023) Arnaud Luzayadio
0%
1 Emmen (2022-2023) Azzeddine Toufiqui
0%
3 Waalwijk (2023-2025), Twente (2025-2026) Daouda Weidmann
0%
1 Volendam (2022-2023) Florent Da Silva
0%
1 Sittard (2020-2021) Grégoire Amiot
0%
1 Heracles (2025-2026) Jeff Reine-Adélaïde
0%
1 Almere (2023-2024) Loïc Mbe Soh
0%
2 Sittard (2023-2025) Loreintz Rosier
0%
2 Emmen (2020-2021, 2022-2023) Lucas Bernadou
0%
1 NAC (2025-2026) Moussa Soumano
0%
2 Groningue (2024-2026) Noam Emeran
0%
1 NEC (2025-2026) Noé Lebreton
0%
3 Cambuur (2021-2023), Volendam (2023-2024) Robin Maulun
0%
2 Vitesse (2021-2023) Romaric Yapi
0%
1 Sittard (2021-2022) Samy Baghdadi
0%
2 Almere (2023-2025) Théo Barbet
0%
1 Willem II (2024-2025) Thomas Didillon-Hödl
0%
2 Almere (2023-2025) Thomas Robinet
0%
1 Vitesse (2021-2022) Yann Gboho
0%
1 VVV (2020-2021) Zinedine Machach
0%
Aucun quiz correspondant
Distribution des résultats
% des personnes avec chaque résultat
Percentile par nombre de réponses
Votre historique - résultats
Vous n’avez pas pris ce quiz